Fiji Airways Destinations - Statistics

General Stats
  • This quiz has been taken 38 times
  • The average score is 20 of 36
Answer Stats
Country Destination % Correct
New Zealand Auckland
100%
Australia Brisbane
100%
Australia Melbourne
96%
Australia Sydney
96%
United States Los Angeles
93%
Fiji Suva
89%
Japan Tokyo
89%
New Zealand Wellington
89%
Singapore Singapore
86%
Samoa Apia
82%
Canada Vancouver
82%
Australia Canberra
79%
New Zealand Christchurch
79%
Fiji Nadi
75%
United States San Francisco
75%
Australia Adelaide
71%
China Hong Kong
71%
Solomon Islands Honiara
61%
Australia Cairns
57%
Tuvalu Funafuti
57%
United States Honolulu
57%
Kiribati Tarawa
57%
United States Dallas/Fort Worth
54%
Tonga Nuku'alofa
54%
Vanuatu Port Vila
46%
Fiji Savusavu
32%
Tonga Vava'u
21%
Fiji Labasa
18%
Fiji Taveuni
11%
Fiji Cicia
0%
Fiji Kadavu Island
0%
Kiribati Kiritimati
0%
Fiji Koro Island
0%
Fiji Lakeba Island
0%
Fiji Rotuma Island
0%
Fiji Vanua Balavu
0%
No matching quizzes found
Score Distribution
Percent of People with Each Score
Percentile by Number Answered
Your Score History
You have not taken this quiz